| 000 | 00940nam a2200253 a 4500 | ||
|---|---|---|---|
| 001 | 23818 | ||
| 003 | BD-RjUL | ||
| 005 | 20211209000956.0 | ||
| 008 | 140311s1936 enk 001 0 eng d | ||
| 035 | _a(BD-RjUL)23883 | ||
| 040 |
_aVCAV _beng _cVCAV _dNNCU:A _dBD-RjUL |
||
| 041 | _aeng | ||
| 082 | 0 | 4 |
_a928.2 _bGOA 1936 |
| 100 | 1 |
_aGow, A. S. F. _q(Andrew Sydenham Farrar), _d1886- _973349 |
|
| 245 | 1 | 0 |
_aA. E. Housman : _ba sketch together with a list of his writings and indexes to his classical papers / _cby A. S. F. Gow. |
| 250 | _a1st ed. | ||
| 260 |
_aNew York ; _aThe Macmillan company: Cambridge, Eng. : _bThe University press, _c1936. |
||
| 300 |
_axiii, 136, [1] p : _bfront. (port.) facsims ; _c23 cm. |
||
| 504 | _aIncludes index. | ||
| 600 | 1 | 0 |
_aHousman, A. E. _q(Alfred Edward), _d1859-1936. _973357 |
| 600 | 1 | 0 |
_aHousman, A. E. _q(Alfred Edward), _d1859-1936 _xBibliography. _973350 |
| 942 |
_2ddc _cBK |
||
| 999 |
_c23818 _d23818 |
||